Anatomía de la conspiración / (Record no. 134880)

MARC details
000 -LEADER
campo de control de longitud fija 00649nam a2200229 i 4500
001 - NÚMERO DE CONTROL
campo de control 134880
003 - IDENTIFICADOR DE NÚMERO DE CONTROL
campo de control ES-MaACL
005 - FECHA Y HORA DE LA ÚLTIMA TRANSACCIÓN
campo de control 20231227144949.0
007 - CAMPO FIJO DE DESCRIPCIÓN FÍSICA--INFORMACIÓN GENERAL
campo de control de longitud fija t|
008 - DATOS DE LONGITUD FIJA--INFORMACIÓN GENERAL
campo de control de longitud fija 070702s1962 sp ||||1| spa d
080 ## - NÚMERO DE LA CLASIFICACIÓN DECIMAL UNIVERSAL
Número de la Clasificación Decimal Universal 301.153.5
080 ## - NÚMERO DE LA CLASIFICACIÓN DECIMAL UNIVERSAL
Número de la Clasificación Decimal Universal 323.237
100 1# - ENTRADA PRINCIPAL--NOMBRE DE PERSONA
Nombre de persona Tierno Galván, Enrique,
Fechas asociadas al nombre 1918-1986
9 (RLIN) 110235
245 10 - MENCIÓN DEL TÍTULO
Título Anatomía de la conspiración /
Mención de responsabilidad, etc. E. Tierno Galván.
260 ## - PUBLICACIÓN, DISTRIBUCIÓN, ETC.
Lugar de publicación, distribución, etc. Madrid :
Nombre del editor, distribuidor, etc. Taurus,
Fecha de publicación, distribución, etc. [1962]
300 ## - DESCRIPCIÓN FÍSICA
Extensión 65 p. ;
Dimensiones 18 cm.
490 1# - MENCIÓN DE SERIE
Mención de serie Cuadernos Taurus ;
Designación de volumen o secuencia 42
650 ## - PUNTO DE ACCESO ADICIONAL DE MATERIA--TÉRMINO DE MATERIA
Término de materia o nombre geográfico como elemento de entrada Actividades subversivas.
9 (RLIN) 9590
830 1# - PUNTO DE ACCESO ADICIONAL DE SERIE-TÍTULO UNIFORME
Título uniforme Cuadernos Taurus ;
Designación de volumen o secuencia 42
9 (RLIN) 180748
852 ## - LOCALIZACIÓN
Ubicación ES-MaACL
Número de control de estantería G-9856
Holdings
Estatus retirado Estado de pérdida Estado de daño No para préstamo Biblioteca de origen Biblioteca actual Ubicación en estantería Fecha de adquisición Fuente de adquisición Total de préstamos Signatura topográfica completa Código de barras Visto por última vez Precio de reemplazo Tipo de ítem Koha
        Biblioteca del Ateneo de Madrid Biblioteca del Ateneo de Madrid Sala Pecera Planta 3 17/01/2008     G-9856 1140390 23/02/2023 23/02/2023 Libro impreso